LEADER 01840nam 2200457Ia 450 001 9910700931203321 005 20110915114846.0 035 $a(CKB)5470000002413717 035 $a(OCoLC)752512825 035 $a(EXLCZ)995470000002413717 100 $a20110915d2011 ua 0 101 0 $aeng 135 $aurmn||||||||| 181 $ctxt$2rdacontent 182 $cc$2rdamedia 183 $acr$2rdacarrier 200 10$aH-1B visa program$b[electronic resource] $emultifaceted challenges warrant re-examination of key provisions : testimony before the Subcommittee on Immigration Policy and Enforcement, Committee on the Judiciary, House of Representatives /$fstatement for the Record by Andrew Sherrill 210 1$a[Washington, D.C.] :$cU.S. Govt. Accountability Office,$d[2011] 215 $a1 online resource (14 pages) $cillustrations 225 1 $aTestimony ;$vGAO-11-505T 300 $aTitle from PDF title screen (viewed Sept. 12, 2011). 300 $a"For release ... March 31, 2011." 320 $aIncludes bibliographical references. 517 $aH-1B visa program 606 $aVisas$xEconomic aspects$zUnited States 606 $aForeign workers$xEconomic aspects$zUnited States 606 $aManpower policy$zUnited States 606 $aLabor market$zUnited States 615 0$aVisas$xEconomic aspects 615 0$aForeign workers$xEconomic aspects 615 0$aManpower policy 615 0$aLabor market 700 $aSherrill$b Andrew$01388656 712 02$aUnited States.$bCongress.$bHouse.$bCommittee on the Judiciary.$bSubcommittee on Immigration Policy and Enforcement. 712 02$aUnited States.$bGovernment Accountability Office. 801 0$bGPO 801 1$bGPO 906 $aBOOK 912 $a9910700931203321 996 $aH-1B visa program$93511641 997 $aUNINA